In the Supreme Court of the United States, United States of America, petitioner, v. James Alvin Castleman : on writ of certiorari to the United States Court of Appeals for the Sixth Circuit : brief for the United States /

Appeal to the Supreme Court of the United States regarding the proper construction of the federal statute making it a crime for any person convicted of a misdemeanor crime of domestic violence to possess a firearm, specifically whether the federal statute applies if the domestic violence conviction...

Full description

Bibliographic Details
Main Author: Verrilli, Donald B. (Donald Beaton), 1957- (Author)
Corporate Authors: United States (petitioner.), United States. Court of Appeals (6th Circuit), United States. Supreme Court
Other Authors: Castleman, James Alvin (Respondent)
Format: eBook
Language:English
Published: Washington, D.C. : Department of Justice, [2013]
Series:Subject compilation of state laws.
Gun regulation and legislation in America.
Civil rights and social justice.
Subjects:
Online Access:Connect to the full text of this electronic book

MARC

Tag First Indicator Second Indicator Subfields
LEADER 00000cam a2200000 i 4500
001 in00004397751
005 20210123195912.0
006 m fo d
007 cr bn nnnauuuu
008 140625s2013 dcu obv 000 0 eng d
035 |a ccn00449839 
040 |a NjRocCCS  |b eng  |e rda  |c NjRocCCS 
043 |a n-us-la 
050 4 |a KF225.U54  |b V47 2013 
100 1 |a Verrilli, Donald B.  |q (Donald Beaton),  |d 1957-  |e author. 
245 1 0 |a In the Supreme Court of the United States, United States of America, petitioner, v. James Alvin Castleman :  |b on writ of certiorari to the United States Court of Appeals for the Sixth Circuit : brief for the United States /  |c Donald B. Verrilli, Jr. [and 4 others]. 
246 1 |i HeinOnline index title:  |a United States of America, petitioner, v. James Alvin Castleman, respondent; on writ of certiorari to the United States Court of Appeals for the Sixth Circuit; brief for the United States 
264 1 |a Washington, D.C. :  |b Department of Justice,  |c [2013] 
264 2 |a [Getzville, New York] :  |b William S. Hein and Company,  |c [2014] 
300 |a 1 online resource (x, 47, 29a pages). 
336 |a text  |b txt  |2 rdacontent 
337 |a computer  |b c  |2 rdamedia 
338 |a online resource  |b cr  |2 rdacarrier 
490 1 |a HeinOnline subject compilation of state laws 
490 1 |a HeinOnline gun regulation and legislation in America 
490 1 |a HeinOnline civil rights and social justice 
588 |a Description based on PDF title page, viewed June 25, 2014. 
500 |a "No. 12-1371." 
500 |a "November 2013"--Page 47. 
504 |a "Table of authorities": pages iv-x. 
520 |a Appeal to the Supreme Court of the United States regarding the proper construction of the federal statute making it a crime for any person convicted of a misdemeanor crime of domestic violence to possess a firearm, specifically whether the federal statute applies if the domestic violence conviction does not include use of violent physical force. 
650 0 |a Firearms  |x Law and legislation  |z United States  |v Cases. 
650 0 |a Firearms ownership  |x Law and legislation  |z United States  |v Cases. 
650 0 |a Criminals  |x Civil rights  |z United States  |v Cases. 
650 0 |a Family violence  |x Law and legislation  |z United States  |v Cases. 
650 0 |a Offenses against the person  |x Law and legislation  |z United States  |v Cases. 
655 7 |a Electronic books.  |2 local 
655 7 |a Records and briefs.  |2 lcgft 
700 1 |a Castleman, James Alvin,  |e respondent. 
710 1 |a United States,  |e petitioner. 
710 1 |a United States.  |b Court of Appeals (6th Circuit) 
710 1 |a United States.  |b Supreme Court. 
830 0 |a Subject compilation of state laws. 
830 0 |a Gun regulation and legislation in America. 
830 0 |a Civil rights and social justice. 
856 4 0 |u http://proxy.library.tamu.edu/login?url=https://www.heinonline.org/HOL/Page?handle=hein.scsl/usajcat0001&id=1&collection=civil&index=civil  |z Connect to the full text of this electronic book  |t 0 
949 |a KF 225 .U54 V47 2013  |w LC  |c 1  |i 449839-2001  |d 9/14/2020  |l MAIN  |m HEN  |q 1  |r Y  |s Y  |t WEB  |u 6/26/2014  |x ENG  |z N-US 
999 f f |s d07c9148-c993-33ae-b96a-41a92ddc3b6a  |i 1efddcef-f3d2-32cd-8d9a-73b031cc8125  |t 0 
952 f f |a Texas A&M University  |b College Station  |c Electronic Resources  |d Available Online  |t 0  |e KF225.U54 V47 2013  |h Library of Congress classification 
998 f f |a KF225.U54 V47 2013  |t 0  |l Available Online